| 000 | 00510nam a22001697a 4500 | ||
|---|---|---|---|
| 005 | 20251108164351.0 | ||
| 008 | 250721s1998 xx 000 0 ara d | ||
| 082 | 1 | 4 | _a956/عظم |
| 100 | 1 | _aالعظم، يوسف | |
| 245 | 1 | 0 |
_aتاريخنا : _bبين التزوير و الأعداء / |
| 264 | 1 |
_aبيروت : _bالدار الشامية، _c1998. |
|
| 300 | _a213ص | ||
| 650 | 1 | 7 | _aتاريخ العرب |
| 650 | 1 | 7 | _aالإستشراق و المستشرقون |
| 942 |
_2ddc _cBK |
||
| 999 |
_c10416 _d10416 |
||